000
00331nam a2200133Ia 4500
005
20251222141902.0
008
251222s9999||||xx |||||||||||||| ||spa||
020
_a
9972-716-48-1
082
_a
370.193.12/S72
100
_a
Sovero Hinostroza, Franklin V.
245
0
_a
Cómo Dirigir una Apafa
264
_b
San Marcos
942
_c
LIB
999
_c
8091
_d
8091